000
00248nam a2200097Ia 4500
005
20251222114348.0
008
251222s1900||||xx |||||||||||||| ||spa||
082
_a
DVD0070/A56/2003
245
0
_a
El camino de las nubes:O caminho das nuvens
942
_c
DVD
999
_c
1108
_d
1108